Anatomy : (Record no. 136761)

MARC details
000 -LEADER
fixed length control field 00717nam a22002417a 4500
003 - CONTROL NUMBER IDENTIFIER
control field dpl
005 - DATE AND TIME OF LATEST TRANSACTION
control field 20180606133211.0
008 - FIXED-LENGTH DATA ELEMENTS--GENERAL INFORMATION
fixed length control field 180606b xxu||||| |||| 00| 0 eng d
010 ## - LIBRARY OF CONGRESS CONTROL NUMBER
LC control number B-041057
020 ## - INTERNATIONAL STANDARD BOOK NUMBER
International Standard Book Number 8185086524
Terms of availability 150.00
035 ## - SYSTEM CONTROL NUMBER
System control number B-041057, B-062637, B-009333
037 ## - SOURCE OF ACQUISITION
Source of stock number/acquisition Cen Lib / Ret
040 ## - CATALOGING SOURCE
Original cataloging agency DPL
Language of cataloging EN
Transcribing agency 0
082 ## - DEWEY DECIMAL CLASSIFICATION NUMBER
Classification number 611
Item number MIT
100 ## - MAIN ENTRY--PERSONAL NAME
Personal name Mitra, Samarendra
245 ## - TITLE STATEMENT
Title Anatomy :
Remainder of title abdomen, thorax & inferior extremity /
Statement of responsibility, etc by Samarendra Mitra
260 ## - PUBLICATION, DISTRIBUTION, ETC. (IMPRINT)
Place of publication, distribution, etc Calcutta
Name of publisher, distributor, etc Academic Publishers
Date of publication, distribution, etc 1994
270 ## - ADDRESS
Address Academic Publishers
City Calcutta
300 ## - PHYSICAL DESCRIPTION
Extent (v 1. xii, various pages)
Dimensions 24cm(Hb)
650 ## - SUBJECT ADDED ENTRY--TOPICAL TERM
Topical term or geographic name as entry element Anatomy
650 ## - SUBJECT ADDED ENTRY--TOPICAL TERM
Topical term or geographic name as entry element Thorax
942 ## - ADDED ENTRY ELEMENTS (KOHA)
Source of classification or shelving scheme Dewey Decimal Classification
Koha item type English Books
Classification part 611
Call number suffix MIT
Holdings
Withdrawn status Lost status Source of classification or shelving scheme Materials specified (bound volume or other part) Damaged status Not for loan Home library Current library Date acquired Source of acquisition Total Checkouts Full call number Barcode Date last seen Copy number Price effective from Koha item type Collection code Cost, normal purchase price Total Renewals Date checked out Cost, replacement price
    Dewey Decimal Classification v 1     Central Library Central Library 09/03/2016 Cen Lib/Ret   611 MIT B-041057 09/03/2016 1 09/03/2016 English Books          
    Dewey Decimal Classification       Shahdara Branch Shahdara Branch 06/06/2018 BPPD/PUB 2 611.9 MIT B-062637 02/06/2019   06/06/2018 English Books Non-fiction 0.00 1 19/05/2019 0.00
    Dewey Decimal Classification       Shahdara Branch Shahdara Branch 06/06/2018 BPPD/PUB   611.9 MIT B-009333 06/06/2018   06/06/2018 English Books Non-fiction 0.00     0.00

© Delhi Public Library
Hit Counter
free hit counter